Komárno si na nové lode ešte počká
Osud ťažko skúšaných lodeníc má v rukách spoločnosť SAM - Shipbuilding and Machinery. Strojárska spoločnosť orientujúca sa aj na segmenty mimo lodiarskeho odvetvia. Výroba plavidiel v Komárne úplne neskončila. Tri piliere firmy SAM.
Salvato in:
| Autore principale: | |
|---|---|
| Natura: | Capitolo di libro |
| Lingua: | slovacco |
| Soggetti: | |
| Tags: |
Nessun Tag, puoi essere il primo ad aggiungerne!!
|
MARC
| LEADER | 00000naa a2200000 4500 | ||
|---|---|---|---|
| 001 | 0197831 | ||
| 005 | 20231113102641.7 | ||
| 041 | 0 | |a slo | |
| 044 | |a SK | ||
| 245 | 1 | 0 | |a Komárno si na nové lode ešte počká |c Lukáš Kvašňák |
| 520 | |a Osud ťažko skúšaných lodeníc má v rukách spoločnosť SAM - Shipbuilding and Machinery. Strojárska spoločnosť orientujúca sa aj na segmenty mimo lodiarskeho odvetvia. Výroba plavidiel v Komárne úplne neskončila. Tri piliere firmy SAM. | ||
| 610 | 2 | 0 | |a priemysel strojársky |
| 610 | 2 | 0 | |a výroba strojárska |
| 610 | 2 | 0 | |a firmy |
| 610 | 2 | 0 | |a lode |
| 610 | 2 | 0 | |a lodenice |
| 100 | 1 | |a Kvašňák, Lukáš | |